[Event "EYCC 2024 - O18"]
[Site "?"]
[Date "2024.08.26"]
[Round "4.4"]
[White "Taranowicz, Michal"]
[Black "Kreken, Eivind Grunt"]
[Result "0-1"]
[BlackElo "2294"]
[WhiteElo "2164"]
[LiveChessVersion "1.4.8"]

1. Nf3 {[%clk 1:28:00]} c5 {[%clk 1:29:08]} 2. e4 {[%clk 1:28:24]} e6
{[%clk 1:29:27]} 3. d4 {[%clk 1:28:50]} cxd4 {[%clk 1:29:47]} 4. Nxd4
{[%clk 1:29:17]} Nc6 {[%clk 1:30:02]} 5. Nc3 {[%clk 1:29:43]} Qc7
{[%clk 1:29:54]} 6. Be3 {[%clk 1:30:08]} a6 {[%clk 1:29:52]} 7. g4
{[%clk 1:30:32]} Nxd4 {[%clk 1:29:22]} 8. Qxd4 {[%clk 1:30:49]} b5
{[%clk 1:29:06]} 9. O-O-O {[%clk 1:29:35]} Bb7 {[%clk 1:28:58]} 10. a3
{[%clk 1:23:44]} Nf6 {[%clk 1:19:38]} 11. f3 {[%clk 1:24:10]} h6 {[%clk 1:18:52]}
12. Kb1 {[%clk 1:13:34]} Rc8 {[%clk 1:17:16]} 13. g5 {[%clk 1:09:29]} hxg5
{[%clk 1:14:35]} 14. Bxg5 {[%clk 1:09:55]} Bc5 {[%clk 1:00:45]} 15. Qd3
{[%clk 1:08:37]} Bc6 {[%clk 0:56:22]} 16. h4 {[%clk 1:03:11]} Nh5
{[%clk 0:53:06]} 17. Bh3 {[%clk 0:56:37]} Nf4 {[%clk 0:51:34]} 18. Qd2
{[%clk 0:56:17]} Nxh3 {[%clk 0:51:19]} 19. Rxh3 {[%clk 0:56:42]} a5
{[%clk 0:48:45]} 20. Qh2 {[%clk 0:33:35]} Qxh2 {[%clk 0:44:28]} 21. Rxh2
{[%clk 0:34:00]} f6 {[%clk 0:42:14]} 22. Bf4 {[%clk 0:28:58]} b4 {[%clk 0:41:30]}
23. axb4 {[%clk 0:28:33]} axb4 {[%clk 0:41:51]} 24. Ne2 {[%clk 0:28:39]} e5
{[%clk 0:40:47]} 25. Bg3 {[%clk 0:25:08]} Kf7 {[%clk 0:38:04]} 26. Nc1
{[%clk 0:24:49]} Rhd8 {[%clk 0:32:17]} 27. Nd3 {[%clk 0:23:35]} Be7
{[%clk 0:31:29]} 28. b3 {[%clk 0:13:59]} d5 {[%clk 0:31:30]} 29. exd5
{[%clk 0:11:05]} Bxd5 {[%clk 0:28:12]} 30. Rf1 {[%clk 0:11:28]} Ra8
{[%clk 0:24:10]} 31. Kb2 {[%clk 0:09:15]} Be6 {[%clk 0:18:11]} 32. Be1
{[%clk 0:08:09]} Rab8 {[%clk 0:17:51]} 33. f4 {[%clk 0:04:55]} e4
{[%clk 0:16:44]} 34. f5 {[%clk 0:05:21]} Bc8 {[%clk 0:15:21]} 35. Nc1
{[%clk 0:04:40]} Rb5 {[%clk 0:11:32]} 36. Na2 {[%clk 0:03:46]} Rd1
{[%clk 0:04:24]} 37. Re2 {[%clk 0:02:48]} Bxf5 {[%clk 0:04:24]} 38. c4
{[%clk 0:02:46]} Re5 {[%clk 0:03:05]} 39. Kc2 {[%clk 0:03:03]} Rd8
{[%clk 0:02:22]} 40. Nxb4 {[%clk 0:03:08]} Bxb4 {[%clk 0:01:53]} 41. Bxb4
{[%clk 0:03:31]} e3+ {[%clk 0:02:05]} 42. Rxf5 {[%clk 0:03:35]} Rxf5
{[%clk 0:02:26]} 43. Rxe3 {[%clk 0:04:01]} Re5 {[%clk 0:02:45]} 44. Bd2
{[%clk 0:01:58]} Rxe3 {[%clk 0:02:46]} 45. Bxe3 {[%clk 0:02:24]} Ke6
{[%clk 0:02:56]} 46. b4 {[%clk 0:02:45]} f5 {[%clk 0:01:59]} 47. b5
{[%clk 0:02:45]} f4 {[%clk 0:01:27]} 48. Bf2 {[%clk 0:01:45]} f3 {[%clk 0:01:16]}
49. Kc3 {[%clk 0:00:56]} Rd1 {[%clk 0:01:40]} 50. b6 {[%clk 0:01:02]} Kd7
{[%clk 0:01:44]} 51. c5 {[%clk 0:01:08]} Kc6 {[%clk 0:01:52]} 52. Kc2
{[%clk 0:01:02]} Rf1 {[%clk 0:01:35]} 53. Be3 {[%clk 0:01:28]} f2
{[%clk 0:01:56]} 54. Kd2 {[%clk 0:01:47]} Rd1+ {[%clk 0:02:22]} 0-1

[Event "EYCC 2024 - O18"]
[Site "?"]
[Date "2024.08.26"]
[Round "4.6"]
[White "Eilenberg, Jonas"]
[Black "Dogias, Christos"]
[Result "1-0"]
[BlackElo "2047"]
[WhiteElo "2285"]
[LiveChessVersion "1.4.8"]

1. d4 {[%clk 1:30:57]} d5 {[%clk 1:30:55]} 2. c4 {[%clk 1:31:22]} c6
{[%clk 1:31:20]} 3. Nf3 {[%clk 1:31:45]} Nf6 {[%clk 1:31:44]} 4. e3
{[%clk 1:32:05]} e6 {[%clk 1:31:25]} 5. Nbd2 {[%clk 1:32:19]} Nbd7
{[%clk 1:29:00]} 6. b3 {[%clk 1:32:43]} Bd6 {[%clk 1:29:08]} 7. Bb2
{[%clk 1:33:04]} b6 {[%clk 1:28:33]} 8. Bd3 {[%clk 1:33:23]} Bb7 {[%clk 1:28:57]}
9. e4 {[%clk 1:33:08]} dxe4 {[%clk 1:28:27]} 10. Nxe4 {[%clk 1:32:54]} Nxe4
{[%clk 1:21:48]} 11. Bxe4 {[%clk 1:33:18]} Nf6 {[%clk 1:22:10]} 12. Bc2
{[%clk 1:33:46]} c5 {[%clk 1:20:36]} 13. Qe2 {[%clk 1:33:46]} cxd4
{[%clk 1:19:29]} 14. O-O-O {[%clk 1:33:19]} Qe7 {[%clk 1:16:47]} 15. Nxd4
{[%clk 1:29:18]} Ba3 {[%clk 1:10:40]} 16. Nb5 {[%clk 1:29:27]} Bxb2+
{[%clk 1:11:03]} 17. Kxb2 {[%clk 1:29:55]} O-O {[%clk 1:10:26]} 18. Qe5
{[%clk 1:25:06]} Ng4 {[%clk 0:57:58]} 19. Qf4 {[%clk 1:25:02]} Qf6+
{[%clk 0:54:16]} 20. Qxf6 {[%clk 1:25:30]} Nxf6 {[%clk 0:53:58]} 21. f3
{[%clk 1:25:48]} a6 {[%clk 0:50:46]} 22. Nc3 {[%clk 1:25:59]} Rfd8
{[%clk 0:50:41]} 23. Na4 {[%clk 1:23:53]} b5 {[%clk 0:43:52]} 24. Nc5
{[%clk 1:24:09]} Rdb8 {[%clk 0:43:34]} 25. Kc3 {[%clk 1:03:44]} bxc4
{[%clk 0:39:45]} 26. bxc4 {[%clk 1:04:05]} Bc6 {[%clk 0:35:46]} 27. Rd6
{[%clk 0:57:34]} Rc8 {[%clk 0:35:57]} 28. Nb3 {[%clk 0:48:50]} a5
{[%clk 0:15:13]} 29. Rb1 {[%clk 0:45:03]} Kf8 {[%clk 0:14:42]} 30. Rd4
{[%clk 0:34:26]} Ke7 {[%clk 0:12:22]} 31. Kd2 {[%clk 0:27:57]} Ba4
{[%clk 0:11:53]} 32. f4 {[%clk 0:26:48]} Nd7 {[%clk 0:11:39]} 33. Be4
{[%clk 0:25:47]} Ra7 {[%clk 0:11:22]} 34. Nc1 {[%clk 0:24:34]} e5
{[%clk 0:10:32]} 35. fxe5 {[%clk 0:22:44]} Nxe5 {[%clk 0:10:55]} 36. Kc3
{[%clk 0:20:34]} Rac7 {[%clk 0:07:53]} 37. Rb7 {[%clk 0:20:47]} f6
{[%clk 0:06:55]} 38. g3 {[%clk 0:18:02]} Rxb7 {[%clk 0:05:47]} 39. Bxb7
{[%clk 0:18:30]} Rc7 {[%clk 0:06:08]} 40. Bd5 {[%clk 0:18:20]} Bc6
{[%clk 0:05:12]} 41. Bxc6 {[%clk 0:17:57]} Rxc6 {[%clk 0:04:41]} 42. a4
{[%clk 0:17:53]} Rb6 {[%clk 0:04:50]} 43. Nb3 {[%clk 0:16:47]} Nc6
{[%clk 0:02:59]} 44. Rd5 {[%clk 0:16:19]} Ra6 {[%clk 0:03:09]} 45. Rb5
{[%clk 0:13:10]} Ra7 {[%clk 0:02:30]} 46. Rb6 {[%clk 0:13:08]} Kd7
{[%clk 0:02:42]} 47. c5 {[%clk 0:12:36]} Kc7 {[%clk 0:02:57]} 48. Kc4
{[%clk 0:11:15]} Ra8 {[%clk 0:03:07]} 49. Kb5 {[%clk 0:10:21]} Na7+
{[%clk 0:00:56]} 50. Kxa5 {[%clk 0:09:34]} Nc6+ {[%clk 0:01:22]} 51. Kb5
{[%clk 0:10:00]} Na7+ {[%clk 0:01:49]} 52. Kc4 {[%clk 0:10:26]} Nc6
{[%clk 0:02:15]} 53. Kd5 {[%clk 0:10:08]} Rd8+ {[%clk 0:02:17]} 54. Ke6
{[%clk 0:09:43]} Ra8 {[%clk 0:02:27]} 55. a5 {[%clk 0:09:18]} Nxa5
{[%clk 0:02:45]} 56. Nd4 {[%clk 0:09:39]} Nb7 {[%clk 0:01:12]} 57. Nb5+
{[%clk 0:09:53]} Kc8 {[%clk 0:01:38]} 58. Nd6+ {[%clk 0:08:26]} Nxd6
{[%clk 0:02:04]} 59. cxd6 {[%clk 0:08:52]} Ra7 {[%clk 0:02:19]} 60. h4
{[%clk 0:06:26]} g6 {[%clk 0:01:32]} 61. Rb5 {[%clk 0:06:10]} f5 {[%clk 0:01:01]}
62. h5 {[%clk 0:05:50]} Rg7 {[%clk 0:00:31]} 63. Rc5+ {[%clk 0:05:41]} Kd8
{[%clk 0:01:00]} 64. Ra5 {[%clk 0:06:03]} Kc8 {[%clk 0:01:20]} 65. h6
{[%clk 0:06:24]} Rb7 {[%clk 0:01:40]} 66. Ra8+ {[%clk 0:06:50]} 1-0

[Event "EYCC 2024 - O18"]
[Site "?"]
[Date "2024.08.26"]
[Round "4.8"]
[White "Seidl, Jan"]
[Black "Kusiak, Mateusz"]
[Result "1/2-1/2"]
[BlackElo "1887"]
[WhiteElo "2276"]
[LiveChessVersion "1.4.8"]

1. d4 {[%clk 1:30:55]} Nf6 {[%clk 1:28:45]} 2. c4 {[%clk 1:31:21]} e6
{[%clk 1:29:07]} 3. Nc3 {[%clk 1:31:21]} d5 {[%clk 1:29:31]} 4. cxd5
{[%clk 1:29:09]} exd5 {[%clk 1:29:55]} 5. Bg5 {[%clk 1:29:30]} Be7
{[%clk 1:30:10]} 6. e3 {[%clk 1:28:55]} O-O {[%clk 1:30:25]} 7. Bd3
{[%clk 1:28:11]} h6 {[%clk 1:30:12]} 8. Bh4 {[%clk 1:27:20]} Nbd7
{[%clk 1:28:08]} 9. Nf3 {[%clk 1:25:09]} b6 {[%clk 1:28:25]} 10. O-O
{[%clk 1:22:40]} Bb7 {[%clk 1:28:28]} 11. Rc1 {[%clk 1:21:05]} Ne4
{[%clk 1:18:29]} 12. Bxe7 {[%clk 1:18:27]} Qxe7 {[%clk 1:18:51]} 13. Qa4
{[%clk 0:59:39]} a6 {[%clk 1:07:12]} 14. b4 {[%clk 0:50:43]} b5 {[%clk 0:41:22]}
15. Qb3 {[%clk 0:46:49]} Nb6 {[%clk 0:41:32]} 16. Bxe4 {[%clk 0:41:55]} dxe4
{[%clk 0:41:51]} 17. Nd2 {[%clk 0:42:20]} Kh8 {[%clk 0:36:41]} 18. a4
{[%clk 0:41:44]} bxa4 {[%clk 0:36:38]} 19. Nxa4 {[%clk 0:41:41]} Bd5
{[%clk 0:37:01]} 20. Qc2 {[%clk 0:36:21]} Nxa4 {[%clk 0:27:44]} 21. Qxa4
{[%clk 0:36:36]} Rfb8 {[%clk 0:27:54]} 22. Rc5 {[%clk 0:33:34]} c6
{[%clk 0:28:01]} 23. Nc4 {[%clk 0:30:58]} Qb7 {[%clk 0:22:58]} 24. Rb1
{[%clk 0:24:38]} Bxc4 {[%clk 0:21:00]} 1/2-1/2

[Event "EYCC 2024 - O18"]
[Site "?"]
[Date "2024.08.26"]
[Round "4.9"]
[White "Pyrih, Roman"]
[Black "Bakija, Alan"]
[Result "1-0"]
[BlackElo "2171"]
[WhiteElo "2422"]
[LiveChessVersion "1.4.8"]

1. e4 {[%clk 1:30:57]} e5 {[%clk 1:30:57]} 2. Nf3 {[%clk 1:31:23]} Nc6
{[%clk 1:31:24]} 3. Bb5 {[%clk 1:31:43]} a6 {[%clk 1:31:50]} 4. Ba4
{[%clk 1:32:06]} d6 {[%clk 1:32:15]} 5. O-O {[%clk 1:32:16]} Nf6 {[%clk 1:32:36]}
6. d3 {[%clk 1:32:34]} b5 {[%clk 1:32:15]} 7. Bb3 {[%clk 1:33:02]} Na5
{[%clk 1:32:38]} 8. h3 {[%clk 1:32:31]} g6 {[%clk 1:23:02]} 9. c3
{[%clk 1:32:35]} Nxb3 {[%clk 1:23:28]} 10. axb3 {[%clk 1:33:01]} Bg7
{[%clk 1:23:46]} 11. Re1 {[%clk 1:33:16]} Bb7 {[%clk 1:23:38]} 12. Nbd2
{[%clk 1:33:37]} O-O {[%clk 1:23:58]} 13. b4 {[%clk 1:33:11]} d5 {[%clk 1:07:45]}
14. Qc2 {[%clk 1:33:19]} Nd7 {[%clk 0:59:28]} 15. Nb3 {[%clk 1:33:15]} dxe4
{[%clk 0:56:24]} 16. dxe4 {[%clk 1:33:44]} f5 {[%clk 0:55:46]} 17. Ng5
{[%clk 1:34:13]} Qf6 {[%clk 0:45:58]} 18. Na5 {[%clk 1:34:34]} Rab8
{[%clk 0:38:14]} 19. Qb3+ {[%clk 1:34:00]} Kh8 {[%clk 0:38:40]} 20. Ne6
{[%clk 1:33:59]} Rfc8 {[%clk 0:33:53]} 21. Nxb7 {[%clk 1:31:45]} Rxb7
{[%clk 0:34:22]} 22. Rxa6 {[%clk 1:31:38]} Rb6 {[%clk 0:29:46]} 23. Rxb6
{[%clk 1:31:29]} Nxb6 {[%clk 0:30:14]} 24. Nxg7 {[%clk 1:29:10]} Kxg7
{[%clk 0:30:06]} 25. exf5 {[%clk 1:29:38]} Qxf5 {[%clk 0:26:54]} 26. Qd1
{[%clk 1:29:55]} Re8 {[%clk 0:21:43]} 27. b3 {[%clk 1:28:56]} Re7
{[%clk 0:20:34]} 28. Qe2 {[%clk 1:28:20]} c6 {[%clk 0:20:32]} 29. c4
{[%clk 1:27:00]} bxc4 {[%clk 0:20:39]} 30. bxc4 {[%clk 1:27:28]} Qe6
{[%clk 0:21:08]} 31. Bg5 {[%clk 1:27:57]} Rd7 {[%clk 0:17:02]} 32. c5
{[%clk 1:25:35]} Nc4 {[%clk 0:13:46]} 33. Qa2 {[%clk 1:25:15]} Qd5
{[%clk 0:12:39]} 34. Rc1 {[%clk 1:25:23]} Ne3 {[%clk 0:10:44]} 35. Qxd5
{[%clk 1:25:32]} Nxd5 {[%clk 0:11:13]} 36. b5 {[%clk 1:20:15]} cxb5
{[%clk 0:09:02]} 37. Rd1 {[%clk 1:19:45]} Nb6 {[%clk 0:08:31]} 38. Rb1
{[%clk 1:20:14]} Nc4 {[%clk 0:06:17]} 39. Rxb5 {[%clk 1:20:23]} h6
{[%clk 0:06:38]} 40. Rb4 {[%clk 1:17:36]} Na5 {[%clk 0:05:33]} 41. Be3
{[%clk 1:17:31]} Nc6 {[%clk 0:05:45]} 42. Rh4 {[%clk 1:17:58]} h5
{[%clk 0:05:46]} 43. Rc4 {[%clk 1:16:51]} Kf6 {[%clk 0:06:12]} 44. Kh2
{[%clk 1:17:07]} Nd4 {[%clk 0:03:50]} 45. Kg3 {[%clk 1:15:28]} Ke6
{[%clk 0:03:23]} 46. Kh4 {[%clk 1:14:36]} Kf6 {[%clk 0:03:51]} 47. g4
{[%clk 1:13:30]} hxg4 {[%clk 0:03:37]} 48. Kxg4 {[%clk 1:13:21]} Ke6
{[%clk 0:02:41]} 49. Kg5 {[%clk 1:13:12]} Kd5 {[%clk 0:02:49]} 50. Rc3
{[%clk 1:12:34]} Rc7 {[%clk 0:00:40]} 51. Kxg6 {[%clk 1:12:50]} Rc6+
{[%clk 0:00:54]} 52. Kg5 {[%clk 1:12:20]} Rxc5 {[%clk 0:00:37]} 53. Rxc5+
{[%clk 1:12:27]} Kxc5 54. h4 {[%clk 1:12:56]} Kd5 {[%clk 0:01:16]} 55. Kf6
{[%clk 1:12:42]} Ke4 {[%clk 0:01:00]} 56. h5 {[%clk 1:13:10]} Nf5
{[%clk 0:00:49]} 57. h6 {[%clk 1:13:36]} Nxh6 {[%clk 0:00:46]} 58. Bxh6
{[%clk 1:14:04]} Kf3 {[%clk 0:01:10]} 59. Be3 {[%clk 1:14:32]} Ke4
{[%clk 0:01:31]} 60. Ke6 {[%clk 1:14:53]} 1-0